000 00316 a2200121 4500
000 nam a22 7a 4500
005 20260207100456.0
020 _a9789362870599
100 _aSheoraj Singh Bechain
_91114317
245 _aZindagi Ko Dhoodhate Hue : Aatmkatha-2
260 _bVani Prakashan
_c2024
942 _cTEXL
999 _c1678861
_d1678861